Аналитические самонастраивающиеся системы автоматического управления: сборник статей

Opis bibliograficzny
Kolejni autorzy: Солодовников В. В. Владимир Викторович (редактор)
Język:rosyjski
Wydane: Москва, Машиностроение, 1965
Hasła przedmiotowe:
Format: MixedMaterials Książka
KOHA link:https://koha.lib.tpu.ru/cgi-bin/koha/opac-detail.pl?biblionumber=373196

MARC

LEADER 00000nam0a2200000 4500
001 373196
005 20231101050633.0
035 |a (RuTPU)RU\TPU\retro\30623 
035 |a RU\TPU\book\224430 
090 |a 373196 
100 |a 20221215d1965 km y0rusy50 ca 
101 0 |a rus 
102 |a RU 
105 |a a z 001zy 
200 1 |a Аналитические самонастраивающиеся системы автоматического управления  |e сборник статей  |f под ред. В. В. Солодовникова 
210 |a Москва  |c Машиностроение  |d 1965 
215 |a 355 с.  |c ил. 
320 |a Библиогр. в конце ст. 
610 1 |a автоматические системы управления 
610 1 |a самонастраивающиеся системы 
610 1 |a самонастраивающиеся устройства 
610 1 |a самонастройка 
610 1 |a построение 
610 1 |a расчет 
610 1 |a теория 
675 |a 681.513.8  |v 3 
702 1 |a Солодовников  |b В. В.   |g Владимир Викторович  |4 340 
801 1 |a RU  |b 63413507  |c 20111219 
801 2 |a RU  |b 63413507  |c 20221215  |g RCR 
942 |c BK